|
|
|
|
| LEADER |
00000nam0a2200000 4500 |
| 001 |
257430 |
| 005 |
20231031215856.0 |
| 020 |
|
|
|a RU
|b 88-23
|
| 035 |
|
|
|a (RuTPU)RU\TPU\book\280228
|
| 090 |
|
|
|a 257430
|
| 100 |
|
|
|a 20140416d1987 k a0rusy5003 ca
|
| 101 |
0 |
|
|a rus
|
| 102 |
|
|
|a RU
|
| 105 |
|
|
|a a z 001zy
|
| 200 |
1 |
|
|a Электроснабжение и электропривод горных предприятий
|e межвузовский сборник научных трудов
|f Кузбасский политехнический институт ; под ред. Г. И. Разгильдеева
|
| 210 |
|
|
|a Кемерово
|c Изд-во КузПИ
|d 1987
|
| 215 |
|
|
|a 126 с.
|c ил.
|
| 320 |
|
|
|a Библиогр. в конце ст.
|
| 606 |
1 |
|
|a Горная промышленность, предприятия
|x Электрооборудование
|x Экономия электроэнергии
|x Энергопотребление
|x Расход энергии
|x Энергетическое хозяйство
|2 stltpush
|3 (RuTPU)RU\TPU\subj\7532
|
| 610 |
1 |
|
|a электроснабжение
|
| 610 |
1 |
|
|a рудничное электрооборудование
|
| 610 |
1 |
|
|a электроприводы
|
| 675 |
|
|
|a 622.012:658.26
|z rus
|
| 702 |
|
1 |
|a Разгильдеев
|b Г. И.
|4 340
|
| 712 |
0 |
2 |
|a Кузбасский политехнический институт
|c (Кемерово)
|2 stltpush
|3 (RuTPU)RU\TPU\col\4382
|
| 801 |
|
0 |
|a RU
|b RuMRKP
|c 19950417
|g psbo
|
| 801 |
|
1 |
|a RU
|b 63413507
|c 20140416
|
| 801 |
|
2 |
|a RU
|b 63413507
|c 20160311
|g RCR
|
| 942 |
|
|
|c BK
|